5 Largest Cities in Panama - Statistics

General Stats
  • This quiz has been taken 20 times
  • The average score is 2 of 5
Answer Stats
Population Answer % Correct
1,756,781 Panamá City
100%
193,350 David
62%
241,817 Colón
38%
190,093 La Chorrera
23%
98,431 Santiago
23%
No matching quizzes found
Score Distribution
Percent of People with Each Score
Percentile by Number Answered
Your Score History
You have not taken this quiz